| 000 | 00529nam a2200121Ia 4500 | ||
|---|---|---|---|
| 008 | 171212s9999 xx 000 0 und d | ||
| 020 | _a9780833088277 | ||
| 100 | _aDion-Schwarz, Cynthia;Evans, Sarah E.;Geist, Edward;Harold, Scott Warren;Koym, V. Ray | ||
| 245 |
_cDion-Schwarz, Cynthia;Evans, Sarah E.;Geist, Edward;Harold, Scott Warren;Koym, V. Ray _aTechnological Lessons from the Fukushima Dai-Ichi Accident |
||
| 260 |
_bRAND Corporation _c2016 |
||
| 650 | _aBusiness | ||
| 856 | _uhttp://jstor.org/stable/10.7249/j.ctt1d41d4s | ||
| 999 |
_c352603 _d352603 |
||